00361nam a2200133Ia 4500008004100000100003800041245004800079250001200127260004400139300000800183650001400191942000700205999001500212190216s9999||||xx |||||||||||||| ||und|| a"Bassett. J, Denny. R.C, Jeffrey" 0aTextbook Of Quantitative Inorganic Anaiysis a4th Ed. bThe English Language Book Societyc1978 a925 aChemistry cBK c2186d2186